Физика. Уроки 9-12: Оптика | Учение о цветах (Запись № 13586652)
[ простой вид ]
| 000 -МАРКЕР | |
|---|---|
| контрольное поле | 01670nam2a2200265 4500 |
| 001 - ИДЕНТИФИКАТОР ЗАПИСИ | |
| контрольное поле | rc\2885557 |
| 005 - ИДЕНТИФИКАТОР ВЕРСИИ | |
| контрольное поле | 20260315052643.0 |
| 035 ## - ДРУГИЕ СИСТЕМНЫЕ НОМЕРА | |
| Идентификатор записи | (NLR Aleph) 007038143 |
| 100 ## - ДАННЫЕ ОБЩЕЙ ОБРАБОТКИ | |
| Данные общей обработки | 20260315 rusy50 |
| 101 0# - ЯЗЫК РЕСУРСА | |
| Язык текста, звукозаписи и т.д. | русский |
| 102 ## - СТРАНА ПУБЛИКАЦИИ ИЛИ ПРОИЗВОДСТВА | |
| Страна публикации | Российская Федерация |
| 105 ## - ПОЛЕ КОДИРОВАННЫХ ДАННЫХ: ТЕКСТОВЫЕ МАТЕРИАЛЫ, МОНОГРАФИЧЕСКИЕ | |
| Кодированные данные о монографическом текстовом документе | a z ||||| |
| 200 1# - ЗАГЛАВИЕ И СВЕДЕНИЯ ОБ ОТВЕТСТВЕННОСТИ | |
| Основное заглавие | Оптика |
| -- | Учение о цветах |
| Первые сведения об ответственности | С.В. Кравков и В.Л. Левшин |
| 210 ## - ПУБЛИКАЦИЯ, РАСПРОСТРАНЕНИЕ И ДР. | |
| Дата издания, распространения и т.д. | Б. г. |
| 215 ## - ФИЗИЧЕСКАЯ ХАРАКТЕРИСТИКА | |
| Специфическое обозначение материала и объем | 63 с. |
| Другие сведения о физической характеристике | ил. |
| 320 ## - ПРИМЕЧАНИЯ О НАЛИЧИИ В ДОКУМЕНТЕ БИБЛИОГРАФИИ / УКАЗАТЕЛЯ | |
| Текст примечания | Библиогр.: указания рекомендуемой литературы в конце уроков |
| 461 #0 - УРОВЕНЬ НАБОРА | |
| Встроенное поле | 001rc\2885556 |
| -- | 2001#$aФизика$fОгиз - Гос. науч. техн. изд-во Заоч. подготовка кадров ... ВСНХ-СССР. Моск. текстильный ин-т. Отд. массово-производ. просвещения. Сектор заоч. обуч. ... [Красильно-отделочный цикл]$vУроки 9-12 |
| Системный номер (АБИС) связанной записи | 6070260 |
| Автор | Московский текстильный институт. Сектор заочного обучения |
| Место публикации | [Москва] |
| Дата публикации | Б. г. |
| Издание | 2-е изд. |
| Первые сведения об ответственности | Огиз - Гос. науч. техн. изд-во Заоч. подготовка кадров ... ВСНХ-СССР. Моск. текстильный ин-т. Отд. массово-производ. просвещения. Сектор заоч. обуч. ... [Красильно-отделочный цикл] |
| Имя издателя, распространителя и т.д. | Огиз |
| Заглавие | Физика |
| Номер тома | Уроки 9-12 |
| 700 #1 - ИМЯ ЛИЦА - ПЕРВИЧНАЯ ОТВЕТСТВЕННОСТЬ | |
| Начальный элемент ввода | Кравков |
| Часть имени, кроме начального элемента ввода | С.В. |
| 701 #1 - ИМЯ ЛИЦА - АЛЬТЕРНАТИВНАЯ ОТВЕТСТВЕННОСТЬ | |
| Начальный элемент ввода | Левшин |
| Часть имени, кроме начального элемента ввода | В.Л. |
| 801 #0 - ИСТОЧНИК ЗАПИСИ | |
| Страна | Российская Федерация |
| Организация | NLR |
| Правила каталогизации | psbo |
| 801 #1 - ИСТОЧНИК ЗАПИСИ | |
| Страна | Российская Федерация |
| Организация | ELAR |
| Источник данных | rusmarc |
| 852 ## - МЕСТОНАХОЖДЕНИЕ И ШИФР ХРАНЕНИЯ | |
| Идентификатор организации | NLR |
| Шифр хранения (Call Number) | 30-18/225 |
| 942 ## - ДОПОЛНИТЕЛЬНЫЕ ЭЛЕМЕНТЫ ЗАПИСИ (АБИС) | |
| Тип экземпляра АБИС | Неопределено |
| 980 ## - КОЛЛЕКЦИЯ | |
| Название коллекции | Национальная библиография |
Нет доступных экземпляров.